[Event "EU-chT Seniors 07th"]
[Site "Dresden"]
[Date "2005.02.18"]
[Round "1"]
[White "Zunker, Reinhard"]
[Black "Eskandary, Jahja"]
[Result "1/2-1/2"]
[WhiteElo "2233"]
[BlackElo "2146"]
[EventDate "2005.02.18"]
[PlyCount "113"]

1.e4 e5 2.Nf3 Nc6 3.Bb5 a6 4.Ba4 d6 5.c3 f5 6.exf5 Bxf5 7.O-O Bd3 8.Re1 
Be7 9.Bc2 Bxc2 10.Qxc2 Nf6 11.d4 e4 12.d5 exf3 13.dxc6 bxc6 14.g3 O-O 15.
Nd2 Ng4 16.Qe4 Ne5 17.Nc4 Nxc4 18.Qxc4+ Kh8 19.Qxc6 Qc8 20.Qc4 d5 21.Qd3 
Bd6 22.b4 Qh3 23.Qf1 Qf5 24.Be3 h5 25.h4 Qg4 26.Kh1 a5 27.Rad1 axb4 28.
Rxd5 Be7 29.Rd4 Qf5 30.cxb4 Rxa2 31.Kh2 Bd6 32.Qc4 Rc2 33.Qd5 Qxd5 34.Rxd5
Bxb4 35.Rxh5+ Kg8 36.Rd1 Bd6 37.Kh3 Rc4 38.Rhd5 Rf7 39.R1d4 Rxd4 40.Rxd4 
Kf8 41.Kg4 Ke8 42.Bf4 Kd7 43.Rd3 Ke6 44.Rxf3 Bxf4 45.Rxf4 Rd7 46.Kg5 c5 
47.Kg6 Rc7 48.Re4+ Kd5 49.Re1 c4 50.g4 c3 51.f4 Rc4 52.Kf5 c2 53.Rc1 Rc6 
54.g5 g6+ 55.Kg4 Ke4 56.Re1+ Kd3 57.h5 1/2-1/2

[Event "EU-chT Seniors 07th"]
[Site "Dresden"]
[Date "2005.02.19"]
[Round "2"]
[White "Anguera Maestro, Jaime"]
[Black "Hecht, Hans Joachim"]
[Result "1/2-1/2"]
[WhiteElo "2159"]
[BlackElo "2381"]
[EventDate "2005.02.18"]
[PlyCount "87"]

1.d4 e6 2.Nf3 Nf6 3.g3 b6 4.Bg2 Bb7 5.O-O Be7 6.b3 O-O 7.Bb2 d5 8.Ne5 c5 
9.e3 Nbd7 10.Nd2 Qc7 11.Rc1 b5 12.Nxd7 Nxd7 13.dxc5 Nxc5 14.Nf3 Rfd8 15.
Nd4 a6 16.f4 Bf8 17.Qe2 Re8 18.Nf3 Rad8 19.Rfd1 Ne4 20.Ng5 Nxg5 21.fxg5 e5
22.Rf1 Bc5 23.Kh1 Qb6 24.Rce1 d4 25.e4 Bb4 26.Rd1 Bc8 27.Qh5 Qg6 28.Qf3 h6
29.gxh6 Bg4 30.Qd3 Bxd1 31.Rxd1 Qxh6 32.Bc1 Qc6 33.Bh3 Rc8 34.Bxc8 Rxc8 
35.a3 Be7 36.Qf3 Qxc2 37.Rf1 f6 38.Qg4 Qc6 39.Bh6 Bf8 40.Rc1 Qxc1+ 41.Bxc1
Rxc1+ 42.Kg2 Rc6 43.Kf1 Bxa3 44.Qd7 1/2-1/2

[Event "EU-chT Seniors 07th"]
[Site "Dresden"]
[Date "2005.02.19"]
[Round "2"]
[White "Appelt, Gerd"]
[Black "Duemmke, Juergen"]
[Result "1/2-1/2"]
[WhiteElo "2196"]
[BlackElo "2136"]
[EventDate "2005.02.18"]
[PlyCount "80"]

1.d4 Nf6 2.c4 g6 3.Nc3 d5 4.Nf3 Bg7 5.Qb3 dxc4 6.Qxc4 O-O 7.e4 a6 8.Bf4 b5
9.Qxc7 Qxc7 10.Bxc7 Bb7 11.Bd3 b4 12.Na4 Nbd7 13.d5 Rac8 14.Ba5 e6 15.dxe6
fxe6 16.Bxb4 Rfe8 17.O-O Nxe4 18.Rfe1 Ndc5 19.Bxe4 Nxe4 20.Rac1 Bh6 21.
Rxc8 Rxc8 22.Nc3 Rc4 23.a3 Bg7 24.Nxe4 Rxe4 25.Rc1 Re2 26.Kf1 Rxb2 27.Rc7 
Bxf3 28.gxf3 Bd4 29.Be1 Ra2 30.Rc4 e5 31.Ra4 Bb2 32.Rxa6 Rxa3 33.Rxa3 Bxa3
34.Bc3 Bd6 35.Ke2 Kf7 36.Kd3 Ke6 37.Ke4 Bc7 38.h3 Bd6 39.Bd2 Bc7 40.Be3 
Bd6 1/2-1/2

[Event "EU-chT Seniors 07th"]
[Site "Dresden"]
[Date "2005.02.19"]
[Round "2"]
[White "Barlocco, Carlo"]
[Black "Wicklund Hansen, Richard"]
[Result "1-0"]
[WhiteElo "2156"]
[BlackElo "2015"]
[EventDate "2005.02.18"]
[PlyCount "109"]

1.g3 d5 2.Bg2 Nf6 3.d3 g6 4.c4 c6 5.b3 Bg7 6.Bb2 O-O 7.Nf3 Bg4 8.Nbd2 Re8 
9.h3 Bf5 10.O-O Qc7 11.Rc1 dxc4 12.Nxc4 Na6 13.e4 Be6 14.Be5 Qd7 15.Kh2 
Nb4 16.Bd4 Nxa2 17.Ra1 Nb4 18.Qd2 Na6 19.Rfd1 Ng4+ 20.hxg4 Bxd4 21.Nxd4 
Qxd4 22.Na5 Bxg4 23.f3 Bc8 24.Ra4 Qb6 25.e5 Be6 26.Qh6 Nb4 27.g4 Qc5 28.d4
Qc3 29.Kg3 Bxg4 30.Kxg4 f5+ 31.Kg3 e6 32.Qd2 Nd5 33.Nxb7 Qxb3 34.Nc5 Qc3 
35.Ra6 f4+ 36.Kf2 Ne3 37.Ne4 Nxd1+ 38.Qxd1 Qe3+ 39.Kf1 Reb8 40.Ra2 Rb4 41.
Bh3 Rxd4 42.Bxe6+ Kg7 43.Qe2 Qc1+ 44.Kg2 Rd1 45.Rc2 Qa1 46.Ra2 Qd4 47.Nf2 
Rb1 48.Rd2 Qb6 49.Ba2 Rc1 50.e6 Qc5 51.Rd7+ Kf8 52.Qb2 Rc3 53.Rf7+ Ke8 54.
Rxh7 Rd8 55.Bb1 1-0

[Event "EU-chT Seniors 07th"]
[Site "Dresden"]
[Date "2005.02.19"]
[Round "2"]
[White "Barnstedt, Dietrich"]
[Black "Kalmutzki, Manfred"]
[Result "1-0"]
[WhiteElo "2147"]
[BlackElo "1729"]
[EventDate "2005.02.18"]
[PlyCount "117"]

1.d4 d5 2.Nf3 e6 3.Nbd2 f5 4.e3 Nf6 5.c4 c6 6.Bd3 Bd6 7.c5 Bc7 8.b4 Ne4 9.
Bb2 O-O 10.O-O Nd7 11.Ne5 Nxe5 12.dxe5 Bd7 13.f3 Nxd2 14.Qxd2 g5 15.Rad1 
Be8 16.Kh1 Qe7 17.f4 g4 18.Qc3 Bh5 19.g3 Be8 20.a4 a6 21.Rf2 h5 22.Rg1 Kg7
23.h3 Bg6 24.Ba3 Qd7 25.Rh2 Rh8 26.Be2 Qe7 27.Qe1 Qd7 28.Bb2 Qe7 29.Kg2 
Rh7 30.Bd4 Rah8 31.Bd3 Qf7 32.Qb1 Bd8 33.b5 axb5 34.axb5 Qe8 35.Rgh1 h4 
36.hxg4 hxg3 37.Rxh7+ Rxh7 38.Rxh7+ Bxh7 39.gxf5 Qh5 40.Qh1 Qxh1+ 41.Kxh1 
Bxf5 42.Bxf5 exf5 43.bxc6 bxc6 44.Kg2 Kg6 45.Kxg3 Be7 46.Kf3 Kf7 47.Ke2 
Ke8 48.Kd3 Kd7 49.Kc3 Bh4 50.Kb4 Bd8 51.Ka4 Kc7 52.e6 Bh4 53.Be5+ Kc8 54.
Bd6 Bf2 55.Ka5 Bxe3 56.Kb6 d4 57.Kxc6 Kd8 58.Kb7 d3 59.c6 1-0

[Event "EU-chT Seniors 07th"]
[Site "Dresden"]
[Date "2005.02.19"]
[Round "2"]
[White "Baumbach, Friedrich"]
[Black "Stuerzenbaum, Arthur"]
[Result "0-1"]
[WhiteElo "2279"]
[BlackElo "2202"]
[EventDate "2005.02.18"]
[PlyCount "128"]

1.d4 Nf6 2.c4 g6 3.Nc3 Bg7 4.e4 d6 5.Nf3 O-O 6.Be2 Na6 7.O-O e5 8.Be3 Ng4 
9.Bg5 Qe8 10.h3 h6 11.Bc1 Nf6 12.dxe5 dxe5 13.Be3 Qe7 14.Qc1 Kh7 15.Nd5 
Qd8 16.Nxf6+ Qxf6 17.c5 Nb4 18.Rd1 Be6 19.Ng5+ Kg8 20.Nxe6 Qxe6 21.Bc4 Qe7
22.Bxh6 Nc6 23.Bg5 Bf6 24.Bxf6 Qxf6 25.Rd7 Rac8 26.Qh6 Na5 27.Be2 Nc6 28.
Rad1 Nd4 29.Bc4 Rcd8 30.Rd5 c6 31.Rxd8 Rxd8 32.Rd3 Ne2+ 33.Kf1 Rxd3 34.
Bxd3 Nf4 35.Bc2 Qd8 36.g3 Qd2 37.gxf4 Qxc2 38.fxe5 Qb1+ 39.Ke2 Qxb2+ 40.
Kf3 Qxe5 41.Qe3 Qe6 42.Kf4 Qxa2 43.Qd4 Qe6 44.h4 Qe7 45.Kg4 Qe6+ 46.Kg3 
Qe7 47.Kg4 b6 48.cxb6 axb6 49.Qxb6 Qxe4+ 50.Kg3 Qd5 51.f3 c5 52.Qb8+ Kh7 
53.Qc8 c4 54.Qc7 Kg7 55.Kg4 Qd4+ 56.Kg3 c3 57.Kh3 Qf6 58.Kg3 Kh7 59.Kg2 
Kg7 60.Kg3 Qd4 61.Kh3 Qd3 62.Kg3 c2 63.Qe5+ Kh7 64.Qf6 Qc4 0-1

[Event "EU-chT Seniors 07th"]
[Site "Dresden"]
[Date "2005.02.19"]
[Round "2"]
[White "Betz, Egon"]
[Black "Reinholz, Siegfried"]
[Result "1-0"]
[WhiteElo "2031"]
[BlackElo "2098"]
[EventDate "2005.02.18"]
[PlyCount "31"]

1.e4 e5 2.Nf3 Nc6 3.d4 exd4 4.Nxd4 Qh4 5.Nc3 Bb4 6.Nb5 Ba5 7.Be2 a6 8.Nd4 
Qxe4 9.Nxc6 Bxc3+ 10.bxc3 Qxc6 11.O-O d5 12.Bf3 Be6 13.Qd4 f6 14.Re1 Kf7 
15.Ba3 b5 16.Rxe6 1-0

[Event "EU-chT Seniors 07th"]
[Site "Dresden"]
[Date "2005.02.19"]
[Round "2"]
[White "Boehlig, Heinz"]
[Black "Wheeler, John Francis"]
[Result "0-1"]
[WhiteElo "2256"]
[BlackElo "2220"]
[EventDate "2005.02.18"]
[PlyCount "44"]

1.Nf3 Nf6 2.c4 g6 3.g3 Bg7 4.Bg2 O-O 5.Nc3 d6 6.d4 Nc6 7.O-O a6 8.h3 Rb8 
9.e4 b5 10.cxb5 axb5 11.e5 Nd7 12.Be3 b4 13.Nd5 dxe5 14.dxe5 Ba6 15.Re1 
Ncxe5 16.Nxe5 Nxe5 17.Bc5 Re8 18.Nxb4 Qc8 19.Qc2 Bb7 20.Re3 Bxg2 21.Kxg2 
Nd7 22.Rd1 Qb7+ 0-1

[Event "EU-chT Seniors 07th"]
[Site "Dresden"]
[Date "2005.02.19"]
[Round "2"]
[White "Boehnisch, Manfred"]
[Black "Richardson, Keith B"]
[Result "1-0"]
[WhiteElo "2364"]
[BlackElo "2222"]
[EventDate "2005.02.18"]
[PlyCount "144"]

1.d4 Nf6 2.Bg5 Ne4 3.Bf4 c5 4.f3 Qa5+ 5.c3 Nf6 6.d5 Qb6 7.b3 e6 8.e4 exd5 
9.exd5 Bd6 10.Bg5 Be7 11.Bc4 O-O 12.Ne2 d6 13.O-O Nbd7 14.Ng3 Ne5 15.Ne4 
Qd8 16.Bxf6 Bxf6 17.Nbd2 Nxc4 18.Nxc4 Be7 19.a4 b6 20.Re1 Ba6 21.Ne3 g6 
22.c4 Bc8 23.Ra2 f5 24.Nf2 Bg5 25.Rae2 Bd7 26.Qd3 Qf6 27.Nf1 Rae8 28.g3 
Rxe2 29.Rxe2 Re8 30.f4 Bh6 31.Rxe8+ Bxe8 32.Qe3 Bd7 33.Kg2 Bg7 34.h3 Kf8 
35.Nd2 Qd4 36.Qxd4 Bxd4 37.Nd3 Ke7 38.Nf3 Bf6 39.Kf2 h6 40.Ke3 a6 41.Nf2 
b5 42.axb5 axb5 43.g4 bxc4 44.bxc4 fxg4 45.hxg4 Bc8 46.g5 hxg5 47.fxg5 Bg7
48.Ne4 Bf5 49.Nh4 Bxe4 50.Kxe4 Kf7 51.Kd3 Be5 52.Kc2 Bf4 53.Nf3 Ke7 54.Kb3
Kd7 55.Ka4 Kc7 56.Kb5 Kb7 57.Nh4 Bxg5 58.Nxg6 Bf6 59.Nf4 Be7 60.Nh5 Bg5 
61.Ng3 Bf4 62.Nf5 Be5 63.Ne7 Bf4 64.Nc6 Bg3 65.Na5+ Kc7 66.Ka6 Bh4 67.Nc6 
Bg5 68.Na7 Be7 69.Nb5+ Kd7 70.Kb7 Bd8 71.Na7 Bf6 72.Nc6 Bg5 1-0

[Event "EU-chT Seniors 07th"]
[Site "Dresden"]
[Date "2005.02.19"]
[Round "2"]
[White "Chaikovskaia, Alla"]
[Black "Petzold, Hans"]
[Result "1-0"]
[WhiteElo "2031"]
[BlackElo "2137"]
[EventDate "2005.02.18"]
[PlyCount "77"]

1.e4 c5 2.Nc3 d6 3.f4 Nc6 4.Bb5 Bd7 5.Nf3 Nf6 6.d3 Nd4 7.Bxd7+ Nxd7 8.O-O 
g6 9.Ne2 Bg7 10.c3 Nxe2+ 11.Qxe2 O-O 12.Kh1 e5 13.Be3 Re8 14.f5 gxf5 15.
exf5 d5 16.Qf2 b6 17.Rad1 d4 18.Bc1 Nf6 19.Bg5 Qd6 20.Qg3 Kh8 21.Nd2 Qc6 
22.c4 h6 23.Bxf6 Bxf6 24.Ne4 Rg8 25.Qf3 Bg7 26.f6 Bf8 27.Qh5 Qe6 28.Rf5 
Rg6 29.Rdf1 Re8 30.R1f3 Kg8 31.g4 Qc6 32.b3 b5 33.cxb5 Qxb5 34.a4 Qxb3 35.
Qxg6+ fxg6 36.f7+ Kg7 37.fxe8=Q gxf5 38.gxf5 Qd1+ 39.Kg2 1-0

[Event "EU-chT Seniors 07th"]
[Site "Dresden"]
[Date "2005.02.19"]
[Round "2"]
[White "Crombleholme, Alan"]
[Black "Farrand, Julian"]
[Result "1-0"]
[WhiteElo "2098"]
[BlackElo "2216"]
[EventDate "2005.02.18"]
[PlyCount "89"]

1.Nf3 Nc6 2.d4 d5 3.Bf4 Bg4 4.Nbd2 e6 5.c3 Bd6 6.Bxd6 cxd6 7.h3 Bxf3 8.
Nxf3 Nf6 9.e3 O-O 10.Be2 a6 11.O-O b5 12.a4 b4 13.cxb4 Nxb4 14.a5 Qc7 15.
Qa4 Qb7 16.Ra3 Rab8 17.Rb3 Rfc8 18.Bxa6 Qxa6 19.Rxb4 Ra8 20.Ra1 Qe2 21.Qb5
Qc2 22.a6 Ne4 23.Qf1 Ra7 24.Rb7 Raa8 25.a7 g6 26.b4 Kg7 27.Ne1 Qc3 28.Qa6 
Qd2 29.Qa2 Qc3 30.b5 Rc7 31.Rxc7 Qxc7 32.Qa5 Qc4 33.b6 Qe2 34.Ra2 Qd1 35.
Qb4 Rc8 36.a8=Q Rxa8 37.Rxa8 Qe2 38.Nd3 Qxd3 39.Ra2 Nc3 40.Rb2 Qd1+ 41.Kh2
Ne2 42.Rxe2 Qxe2 43.b7 Qxf2 44.b8=Q Qxe3 45.Q8xd6 1-0

[Event "EU-chT Seniors 07th"]
[Site "Dresden"]
[Date "2005.02.19"]
[Round "2"]
[White "Ehlert, Joachim"]
[Black "Eis, Helko"]
[Result "1/2-1/2"]
[WhiteElo "2031"]
[BlackElo "2121"]
[EventDate "2005.02.18"]
[PlyCount "87"]

1.e4 d6 2.d4 Nf6 3.Bd3 e5 4.dxe5 dxe5 5.Nf3 Nbd7 6.O-O Bc5 7.Nc3 c6 8.Na4 
Be7 9.h3 Qc7 10.Be3 O-O 11.b3 b5 12.Nc3 Nc5 13.Bxc5 Bxc5 14.Ne2 Nh5 15.Qd2
h6 16.Qc3 Bd6 17.a4 b4 18.Qe1 Be6 19.Nd2 Rad8 20.Bc4 Bc8 21.Nf3 Qe7 22.Kh2
Kh8 23.g3 Qf6 24.Neg1 g5 25.Qe2 Ng7 26.Qe3 Qe7 27.Rad1 Bc5 28.Qe2 f6 29.
Kg2 Ne6 30.Bxe6 Bxe6 31.Nd2 Qf7 32.Ngf3 Bb6 33.Ne1 Qd7 34.g4 h5 35.Rh1 Kg7
36.f3 Qd4 37.Nd3 h4 38.Nb1 Qd6 39.Nf4 Qe7 40.Nxe6+ Qxe6 41.Nd2 Rd4 42.Nc4 
Rfd8 43.Rxd4 Bxd4 44.Rd1 1/2-1/2

[Event "EU-chT Seniors 07th"]
[Site "Dresden"]
[Date "2005.02.19"]
[Round "2"]
[White "Eskandary, Jahja"]
[Black "Perk, Egbert"]
[Result "1-0"]
[WhiteElo "2146"]
[BlackElo "1980"]
[EventDate "2005.02.18"]
[PlyCount "91"]

1.e4 d6 2.Nc3 Nf6 3.Bc4 g6 4.d3 Bg7 5.Nge2 c6 6.Bb3 Nbd7 7.d4 O-O 8.f3 e5 
9.dxe5 dxe5 10.Be3 b5 11.O-O Qe7 12.Qe1 a5 13.a3 Bb7 14.Qf2 Rfe8 15.Rfd1 
Bf8 16.Nc1 Nc5 17.Ba2 Ne6 18.Nd3 Nd7 19.b4 axb4 20.axb4 Ra6 21.Bb3 Rea8 
22.Rxa6 Rxa6 23.Ne2 Ra3 24.Rb1 Qe8 25.Bc1 Ra6 26.Bb2 Bg7 27.Qg3 Nd4 28.
Nxd4 exd4 29.Qf2 Qa8 30.Bxd4 Bxd4 31.Qxd4 Qa7 32.Qxa7 Rxa7 33.Kf2 Kf8 34.
Ke3 Ke7 35.Kd4 Bc8 36.Nc5 Nb6 37.Rd1 Na4 38.Ra1 Bd7 39.Bxa4 bxa4 40.Rxa4 
Rxa4 41.Nxa4 Kd6 42.Nc5 Bc8 43.e5+ Kc7 44.g4 Kb6 45.c4 h5 46.gxh5 1-0

[Event "EU-chT Seniors 07th"]
[Site "Dresden"]
[Date "2005.02.19"]
[Round "2"]
[White "Flockhart, Hugh"]
[Black "Edwards, Raymond"]
[Result "1/2-1/2"]
[WhiteElo "1934"]
[BlackElo "2104"]
[EventDate "2005.02.18"]
[PlyCount "85"]

1.e4 c6 2.d4 d5 3.Nd2 dxe4 4.Nxe4 Nd7 5.Ng5 Ndf6 6.Bc4 e6 7.Ne2 Bd6 8.O-O 
Ne7 9.f4 O-O 10.c3 Bd7 11.Qe1 c5 12.Kh1 Rc8 13.Bd3 Bc6 14.Nf3 Be4 15.Bxe4 
Nxe4 16.Ng5 Nxg5 17.fxg5 Ng6 18.h4 Qc7 19.h5 Ne7 20.dxc5 Qxc5 21.Nd4 Nf5 
22.Nxf5 exf5 23.Qf2 Qxf2 24.Rxf2 Rfe8 25.Bf4 Bxf4 26.Rxf4 g6 27.h6 f6 28.
gxf6 Kf7 29.Rd1 Rc7 30.Rd6 Re6 31.Rxe6 Kxe6 32.g4 Kxf6 33.gxf5 gxf5 34.Rd4
Kg5 35.Rd6 Re7 36.b4 Rc7 37.a4 Kg4 38.Rd3 Kf4 39.Kg2 Rc6 40.Rd2 Rg6+ 41.
Kf2 Rxh6 42.Rd4+ Ke5 43.Rd2 1/2-1/2

[Event "EU-chT Seniors 07th"]
[Site "Dresden"]
[Date "2005.02.19"]
[Round "2"]
[White "Franz, Joachim"]
[Black "Taksrud, Vidar"]
[Result "1/2-1/2"]
[WhiteElo "2209"]
[BlackElo "2025"]
[EventDate "2005.02.18"]
[PlyCount "146"]

1.d4 d5 2.c4 c6 3.Nf3 Nf6 4.Nc3 e6 5.Bg5 Bb4 6.Qb3 Ba5 7.e3 Nbd7 8.Bd3 h6 
9.Bh4 Qb6 10.Qc2 dxc4 11.Bxc4 Nd5 12.O-O O-O 13.a3 Nxc3 14.bxc3 c5 15.Rab1
Qd6 16.Bg3 Qe7 17.a4 Nb6 18.Be2 Bd7 19.Bb5 Rfc8 20.Bxd7 Qxd7 21.Rb5 Nc4 
22.Qb3 cxd4 23.Rxb7 Qe8 24.cxd4 Bb6 25.Qb5 Rc6 26.Ne5 Nxe5 27.Qxe5 f6 28.
Qe4 Rac8 29.d5 exd5 30.Qxd5+ Kh8 31.Qd7 Qxd7 32.Rxd7 Rc2 33.a5 Rd8 34.
Rxd8+ Bxd8 35.a6 Ra2 36.Rd1 Bb6 37.h4 Rxa6 38.Rd7 Ra1+ 39.Kh2 Rc1 40.Rb7 
Rc6 41.e4 Bd4 42.Rb4 Bc3 43.Rb8+ Kh7 44.Ra8 a5 45.f3 h5 46.Kg1 Bd4+ 47.Kf1
Rc1+ 48.Ke2 Bb6 49.Ra6 Rc2+ 50.Kd3 Rxg2 51.Be1 Bf2 52.Bd2 Bxh4 53.Rxa5 Kg6
54.f4 Bf2 55.f5+ Kh7 56.e5 fxe5 57.Rxe5 h4 58.Be1 h3 59.Bxf2 Rxf2 60.Re3 
h2 61.Rh3+ Kg8 62.Ke3 Ra2 63.Kf4 Kf7 64.Kg5 Rg2+ 65.Kf4 Kf6 66.Rh5 Ra2 67.
Ke4 Rb2 68.Kf4 Ke7 69.Kg5 Rf2 70.Kg4 Kf6 71.Kg3 Rxf5 72.Rxh2 Kg5 73.Ra2 
Rb5 1/2-1/2

[Event "EU-chT Seniors 07th"]
[Site "Dresden"]
[Date "2005.02.19"]
[Round "2"]
[White "Gaprindashvili, Nona"]
[Black "Thiessen, Klaus Hinrich"]
[Result "1-0"]
[WhiteElo "2309"]
[BlackElo "2237"]
[EventDate "2005.02.18"]
[PlyCount "87"]

1.d4 d5 2.c4 e6 3.Nf3 Nf6 4.Bg5 Be7 5.Nc3 O-O 6.e3 h6 7.Bh4 Ne4 8.Bxe7 
Qxe7 9.Qc2 c6 10.Nxe4 dxe4 11.Qxe4 Qb4+ 12.Nd2 Qxb2 13.Qb1 Qc3 14.Qc1 
Qxc1+ 15.Rxc1 Nd7 16.f4 f6 17.Bd3 c5 18.O-O Rd8 19.Nb3 b6 20.Be4 Rb8 21.
Bc6 cxd4 22.exd4 Bb7 23.Bxb7 Rxb7 24.Rfe1 Kf7 25.Re2 Rc7 26.Kf2 Rdc8 27.
Nd2 b5 28.c5 f5 29.Ke1 Nf8 30.Nf3 Kf6 31.h4 g6 32.Rb1 a6 33.a4 bxa4 34.Ra2
Ra8 35.Rxa4 a5 36.Rb5 Rca7 37.Ke2 Ra6 38.Kd3 Nd7 39.Kc4 R8a7 40.Ne5 Nxe5+ 
41.dxe5+ Ke7 42.Rb6 Ra8 43.Kb5 R6a7 44.c6 1-0

[Event "EU-chT Seniors 07th"]
[Site "Dresden"]
[Date "2005.02.19"]
[Round "2"]
[White "Gergs, Wolfgang"]
[Black "Rovenski, Evjenij"]
[Result "1/2-1/2"]
[WhiteElo "2190"]
[BlackElo "2275"]
[EventDate "2005.02.18"]
[PlyCount "51"]

1.d4 d5 2.Nf3 Nf6 3.c4 c6 4.e3 a6 5.Bd3 dxc4 6.Bxc4 b5 7.Be2 e6 8.O-O Bd6 
9.Qc2 O-O 10.e4 Be7 11.Rd1 Bb7 12.Bg5 Nbd7 13.Nbd2 h6 14.Bh4 g5 15.Bg3 c5 
16.dxc5 Nxc5 17.e5 Nd5 18.Nb3 Nxb3 19.Qxb3 Qb6 20.h4 Rac8 21.hxg5 hxg5 22.
Nh2 Kg7 23.Bf3 Qc5 24.Nf1 Rfd8 25.Nd2 Qc2 26.Be4 1/2-1/2

[Event "EU-chT Seniors 07th"]
[Site "Dresden"]
[Date "2005.02.19"]
[Round "2"]
[White "Guenther, Egbert"]
[Black "Potthammel, Joerg"]
[Result "1/2-1/2"]
[WhiteElo "1839"]
[BlackElo "2104"]
[EventDate "2005.02.18"]
[PlyCount "40"]

1.e4 c6 2.d4 d5 3.Nc3 dxe4 4.Nxe4 Bf5 5.Ng3 Bg6 6.N1e2 Nf6 7.Nf4 e5 8.Nxg6
hxg6 9.dxe5 Qxd1+ 10.Kxd1 Ng4 11.Ne4 Nxe5 12.Bf4 Nbd7 13.c3 f6 14.Bg3 g5 
15.Kc2 Be7 16.Re1 O-O-O 17.Nxg5 fxg5 18.Bxe5 Nxe5 19.Rxe5 Bf6 20.Re4 Rhe8 
1/2-1/2

[Event "EU-chT Seniors 07th"]
[Site "Dresden"]
[Date "2005.02.19"]
[Round "2"]
[White "Hamm, Georg"]
[Black "Krieger, Hermann"]
[Result "0-1"]
[WhiteElo "2166"]
[BlackElo "2260"]
[EventDate "2005.02.18"]
[PlyCount "58"]

1.Nf3 g6 2.e4 c5 3.d3 Bg7 4.g3 Nc6 5.Bg2 d6 6.Nbd2 Nf6 7.O-O O-O 8.c3 e5 
9.Nc4 h6 10.a4 Be6 11.Qc2 Qd7 12.Rd1 Rad8 13.b3 Nh5 14.Ne3 f5 15.Nh4 f4 
16.Nd5 g5 17.Nf5 Bxf5 18.exf5 Qxf5 19.Be4 Qd7 20.Bb2 f3 21.Kh1 Kh8 22.Qd2 
Qf7 23.Qc2 Nf6 24.c4 Ng4 25.Ne3 Nxh2 26.Bxc6 Qh5 27.Kg1 bxc6 28.Qd2 Qh3 
29.Qe1 Ng4 0-1

[Event "EU-chT Seniors 07th"]
[Site "Dresden"]
[Date "2005.02.19"]
[Round "2"]
[White "Hampel, Johannes"]
[Black "Mueller, Siegmar"]
[Result "1-0"]
[WhiteElo "2188"]
[BlackElo "2089"]
[EventDate "2005.02.18"]
[PlyCount "27"]

1.d4 b6 2.e4 e6 3.Nf3 Bb7 4.Bd3 c5 5.c3 Nf6 6.Nbd2 cxd4 7.cxd4 Bb4 8.O-O 
Bxd2 9.Nxd2 Nc6 10.e5 Nd5 11.Ne4 O-O 12.Qh5 g6 13.Qh6 Nxd4 14.Ng5 1-0

[Event "EU-chT Seniors 07th"]
[Site "Dresden"]
[Date "2005.02.19"]
[Round "2"]
[White "Haug, Kjell Martin"]
[Black "Pipitone, Antonio"]
[Result "0-1"]
[WhiteElo "1985"]
[BlackElo "2054"]
[EventDate "2005.02.18"]
[PlyCount "94"]

1.c4 Nf6 2.Nc3 c5 3.b3 Nc6 4.Bb2 e6 5.e4 Be7 6.g3 O-O 7.Bg2 d6 8.Nge2 a6 
9.O-O Rb8 10.a4 Qb6 11.d3 Ng4 12.Nc1 Nge5 13.N3e2 Bf6 14.Rb1 Nd7 15.Bxf6 
Nxf6 16.f4 Rd8 17.Nc3 Nb4 18.Re1 Bd7 19.e5 Ne8 20.Qe2 Bc6 21.Ne4 dxe5 22.
fxe5 Qc7 23.Nf2 Bxg2 24.Kxg2 Rd7 25.Rb2 Rbd8 26.Rd2 Nc6 27.Qe4 Nd4 28.Nh3 
f5 29.Qe3 Qc6+ 30.Kf2 h6 31.Nf4 g5 32.Nfe2 Ng7 33.Nxd4 Rxd4 34.Ne2 f4 35.
gxf4 gxf4 36.Qh3 Re4 37.Rg1 Rxe5 38.Qxh6 Rd7 39.d4 Rf5 40.Rd3 e5 41.Qh3 
Rff7 42.d5 Qf6 43.Rdd1 e4 44.Rg4 f3 45.Nf4 Qb2+ 46.Kg3 Qxb3 47.Re1 f2+ 0-1

[Event "EU-chT Seniors 07th"]
[Site "Dresden"]
[Date "2005.02.19"]
[Round "2"]
[White "Hentzschel, Erhard"]
[Black "Simmchen, Werner"]
[Result "0-1"]
[WhiteElo "1995"]
[BlackElo "2125"]
[EventDate "2005.02.18"]
[PlyCount "96"]

1.e4 e6 2.d4 b6 3.Bd3 Bb7 4.Nf3 Nf6 5.Bg5 h6 6.Bxf6 Qxf6 7.Nbd2 c5 8.c3 
Nc6 9.e5 Qd8 10.O-O Qc7 11.Rc1 Be7 12.Qe2 g5 13.Ne4 Qb8 14.dxc5 Nxe5 15.
Nxe5 Qxe5 16.cxb6 axb6 17.a3 h5 18.Nd2 Bd6 19.Qxe5 Bxe5 20.Rcd1 Ke7 21.
Rfe1 Bc7 22.Ne4 f6 23.Re2 h4 24.Rde1 Rag8 25.Bb5 f5 26.Nd2 Rh6 27.Nb3 g4 
28.Nd4 Rf6 29.Bd3 Kd8 30.Bc4 Be4 31.g3 Rh8 32.Rd2 hxg3 33.fxg3 Ke7 34.Bd3 
Bxd3 35.Rxd3 f4 36.gxf4 Bxf4 37.Re2 Rh5 38.Rg2 Rfh6 39.Rxg4 Bxh2+ 40.Kg2 
Be5 41.Nf3 Bf6 42.b3 e5 43.c4 d6 44.Rd5 Kd7 45.Rg8 e4 46.Nd2 Rh2+ 47.Kf1 
e3 48.Nf3 Rf2+ 0-1

[Event "EU-chT Seniors 07th"]
[Site "Dresden"]
[Date "2005.02.19"]
[Round "2"]
[White "Hohler, Peter"]
[Black "Weise, Wolfgang"]
[Result "1/2-1/2"]
[WhiteElo "2248"]
[BlackElo "2141"]
[EventDate "2005.02.18"]
[PlyCount "29"]

1.b3 Nf6 2.Bb2 g6 3.e4 d6 4.Ne2 Bg7 5.g3 O-O 6.Bg2 c5 7.O-O Nc6 8.Nbc3 e5 
9.Kh1 Be6 10.Nd5 Bxd5 11.exd5 Ne7 12.c4 Nf5 13.Bh3 a6 14.f4 Nd4 15.Bxd4 
1/2-1/2

[Event "EU-chT Seniors 07th"]
[Site "Dresden"]
[Date "2005.02.19"]
[Round "2"]
[White "James, Geoffrey H"]
[Black "Braun, Gottfried"]
[Result "1/2-1/2"]
[WhiteElo "2208"]
[BlackElo "2331"]
[EventDate "2005.02.18"]
[PlyCount "113"]

1.e4 d6 2.d4 Nf6 3.Nc3 e5 4.dxe5 dxe5 5.Qxd8+ Kxd8 6.Bg5 Be7 7.O-O-O+ Nbd7
8.f3 c6 9.Bc4 Ke8 10.Nge2 Nb6 11.Bb3 Nfd7 12.Bxe7 Kxe7 13.a3 Nc5 14.Ba2 a5
15.Rd2 a4 16.Nd1 Be6 17.Bxe6 Kxe6 18.Ne3 Rhd8 19.Rhd1 Rxd2 20.Rxd2 g6 21.
g4 Rh8 22.Ng3 f6 23.h4 Ke7 24.h5 Ne6 25.Rh2 Rb8 26.hxg6 hxg6 27.Rh7+ Kd6 
28.Rf7 Nd7 29.Nc4+ Kc7 30.Nb6 Kxb6 31.Rxd7 Rd8 32.Rxd8 Nxd8 33.Kd2 Ne6 34.
Ne2 Kc5 35.Kd3 Kb5 36.Nc3+ Ka5 37.b4+ axb3 38.cxb3 b5 39.b4+ Kb6 40.Ne2 
Kc7 41.Ke3 Kd6 42.Kd3 Ng5 43.Ng1 Ke6 44.Ke3 Nf7 45.Kd3 f5 46.gxf5+ gxf5 
47.exf5+ Kxf5 48.Ne2 Nd6 49.Kc3 Kg5 50.Kb3 Kh4 51.a4 bxa4+ 52.Kxa4 Kh3 53.
Ka5 Nc4+ 54.Ka6 Kg2 55.b5 cxb5 56.Kxb5 Ne3 57.f4 1/2-1/2

[Event "EU-chT Seniors 07th"]
[Site "Dresden"]
[Date "2005.02.19"]
[Round "2"]
[White "Johannessen, Svein"]
[Black "Schmidt, Wolfgang3"]
[Result "0-1"]
[WhiteElo "2291"]
[BlackElo "2317"]
[EventDate "2005.02.18"]
[PlyCount "77"]

1.e4 e6 2.d3 d5 3.Nd2 Nf6 4.Ngf3 c5 5.g3 g6 6.Bg2 Bg7 7.O-O O-O 8.Re1 Nc6 
9.a3 a5 10.a4 b6 11.exd5 exd5 12.Nf1 Be6 13.Bf4 Nh5 14.Bg5 Qd7 15.Qd2 Rfe8
16.Bh6 Bh3 17.Bxh3 Qxh3 18.Bxg7 Nxg7 19.Ne3 Qd7 20.Ng2 Ne6 21.c3 d4 22.c4 
f6 23.Re4 Nf8 24.Rae1 Rxe4 25.Rxe4 Re8 26.Rxe8 Qxe8 27.Nf4 Nb4 28.b3 g5 
29.Ne2 Ng6 30.Nc1 Qe6 31.Ne1 Ne5 32.Qe2 g4 33.Qd2 Qf5 34.Qe2 Kf7 35.Kg2 h5
36.Qd2 Nf3 37.Nxf3 gxf3+ 38.Kf1 Qh3+ 39.Ke1 0-1

[Event "EU-chT Seniors 07th"]
[Site "Dresden"]
[Date "2005.02.19"]
[Round "2"]
[White "Just, Joachim"]
[Black "Bold, Konrad"]
[Result "1/2-1/2"]
[WhiteElo "2159"]
[BlackElo "2161"]
[EventDate "2005.02.18"]
[PlyCount "22"]

1.Nf3 d5 2.d4 Nf6 3.Bg5 Nbd7 4.e3 g6 5.c4 c6 6.Nc3 Bg7 7.cxd5 Nxd5 8.Nxd5 
cxd5 9.Bd3 Nf6 10.O-O O-O 11.Qb3 h6 1/2-1/2

[Event "EU-chT Seniors 07th"]
[Site "Dresden"]
[Date "2005.02.19"]
[Round "2"]
[White "Kelchner, Hans"]
[Black "Packroff, Hermann"]
[Result "1/2-1/2"]
[WhiteElo "2149"]
[BlackElo "2262"]
[EventDate "2005.02.18"]
[PlyCount "73"]

1.c4 Nf6 2.Nc3 d5 3.d4 g6 4.Bf4 Bg7 5.Qa4+ Bd7 6.Qb3 Bc6 7.e4 e6 8.cxd5 
exd5 9.Bg5 Qc8 10.exd5 Bd7 11.Bc4 O-O 12.Nge2 Bf5 13.a4 a5 14.Rc1 Nbd7 15.
O-O Nb6 16.Nb5 Qd7 17.Bf4 Nbxd5 18.Bxd5 Nxd5 19.Bxc7 Be6 20.Qg3 Rfc8 21.
Bf4 Rxc1 22.Rxc1 Rc8 23.Rxc8+ Qxc8 24.Nec3 Qc4 25.Be3 h6 26.h3 Nxc3 27.
Nxc3 Qb3 28.Qc7 Qxb2 29.Qxa5 Kh7 30.Qc7 Qc2 31.a5 Qd3 32.Qc5 Bc4 33.Ne4 
Be6 34.Nd6 Bf8 35.Qe5 Bxd6 36.Qxd6 Qe4 37.Qf4 1/2-1/2

[Event "EU-chT Seniors 07th"]
[Site "Dresden"]
[Date "2005.02.19"]
[Round "2"]
[White "Khmiadashvili, Tamari"]
[Black "Kahn, Peter"]
[Result "0-1"]
[WhiteElo "2257"]
[BlackElo "2130"]
[EventDate "2005.02.18"]
[PlyCount "98"]

1.e4 e5 2.Nc3 Bc5 3.g3 d6 4.Bg2 Nc6 5.Na4 Nf6 6.Nxc5 dxc5 7.d3 O-O 8.h3 
Be6 9.f4 Qe7 10.f5 Bd7 11.g4 Rfd8 12.g5 Ne8 13.Qe2 c4 14.dxc4 Nd4 15.Qd3 
Ba4 16.Qc3 Nxc2+ 17.Kf2 Nxa1 18.b3 Bc6 19.Ne2 Nxb3 20.axb3 Rd7 21.b4 Rad8 
22.c5 Bb5 23.Ng3 Rd3 24.Qc2 Qd7 25.Ne2 Rd1 26.Nc3 Rxh1 27.Bxh1 Qd3 28.Qxd3
Bxd3 29.b5 c6 30.bxc6 bxc6 31.Bf3 Nc7 32.Ke3 Bc4 33.Ne2 f6 34.Kf2 Nb5 35.
Ng3 a5 36.gxf6 gxf6 37.Nh5 Kf7 38.h4 Rd7 39.Nxf6 Kxf6 40.Bg5+ Kg7 41.Bg4 
Rf7 42.h5 h6 43.Bc1 a4 44.Ke1 a3 45.Kd2 a2 46.Bb2 Kf6 47.Bd1 Rg7 48.Ba1 
Rg2+ 49.Kc1 Nd4 0-1